000 00670nam a22001937a 4500
999 _c179939
_d179939
005 20210719114305.0
010 _aENG-129581
020 _a978-93-90113-64-4
_c610.00
035 _aEN-113113
037 _bDBAD/PUB
082 _a000
100 _aDahiya, Poonam Dalal
245 _aAncient and Medieval India :
_bFor UPSC and State Civil Services Examinations/
_cBy Poonam Dalal Dahiya
250 _a2nd
260 _aAlapakkam
_bMc Graw Hill
_c2020
270 _a444/1,Sri Ekambara Naicker Industrial Estate,Alapakkam,Porur
_bChennai
_e600116
_minfo.india@mheducation.com
_k18001035875
300 _a525p;
_c24cm(pbx)
942 _2ddc
_cEN
_h000
_mDAH